000 00245nam a2200097Ia 4500
008 230915s9999 xx 000 0 und d
050 _aHF5415.K87 2010
100 _aKURTZ, DAVID L.
245 0 _aBOONE & KURTZ CONTEMPORARY MARKETING
942 _cBK
999 _c80104
_d80104